[Event "CRI-ch Phase 1.1"]
[Site "San Jose"]
[Date "2009.02.02"]
[Round "2"]
[White "Duran Vega, Andres"]
[Black "Needham, Brian"]
[Result "0-1"]
[WhiteElo "1975"]
[BlackElo "2005"]
[PlyCount "56"]
[EventDate "2009.01.31"]
[EventType "swiss"]
[EventRounds "9"]
[EventCountry "CRI"]
[SourceTitle "EXT 2024"]
[Source "ChessBase"]
[SourceDate "2023.10.10"]
[SourceVersion "1"]
[SourceVersionDate "2023.10.10"]
[SourceQuality "1"]

1. d4 d5 2. c4 c6 3. Nc3 Nf6 4. Bg5 a6 5. c5 Bg4 6. Qb3 Qc7 7. e3 Nbd7 8. Bd3 e5 9. Nge2 Bxc5 10. dxc5 Nxc5 11. Qd1 Nfe4 12. Bxe4 dxe4 13. 0-0 h6 14. Bh4 g5 15. Bg3 f5 16. h3 Bh5 17. Qc2 0-0-0 18. Rad1 Qe7 19. Rxd8+ Rxd8 20. Rd1 Nd3 21. Na4 f4 22. Bh2 Nb4 23. Rxd8+ Qxd8 24. Qb3 Bf7 25. Nb6+ Kb8 26. Nd5 Nxd5 27. Qc2 Qa5 28. g4 Qe1+ 0-1